Evaluation of Hevea clones in the mature phase under the agroclimate of Sub-Himalayan West Bengal (Record no. 58945)
[ view plain ]
| 000 -LEADER | |
|---|---|
| fixed length control field | 01824nam a2200181Ia 4500 |
| 100 ## - MAIN ENTRY--AUTHOR NAME | |
| Personal name | Das G |
| 245 #0 - TITLE STATEMENT | |
| Title | Evaluation of Hevea clones in the mature phase under the agroclimate of Sub-Himalayan West Bengal |
| 260 ## - PUBLICATION, DISTRIBUTION, ETC. (IMPRINT) | |
| Name of publisher | Journal of Plantation Crops |
| Year of publication | 2010 |
| 300 ## - PHYSICAL DESCRIPTION | |
| Number of Pages | 105-110 |
| 520 ## - SUMMARY, ETC. | |
| Summary, etc | Multidisciplinary evaluation of eighteen different clones of Hevea was initiated during 1990 at the Regional Experiment Station, Nagrakata, West Bengal to screen clones well adapted to the specific environmental condition of the region. At the time of panel opening for tapping, none of the clones were found to be superior in girth compared to the check clone RRII 105. However, girth was significantly higher in Haiken 1, RRIM 612, SCATC 93/114 and RRIM 703 compared to RRII 105. The bole volume of the clones varied from 0.07 to 1.1 m3. Among the clones evaluated, RRII 208 and SCATC 88/13 were the top rankers in terms of annual yield over nine years followed by RRIM 605. The winter yield contribution of RRII 208 and SCATC 88/13 was above 59;. The pattern of yield in both panels was superior in RRII 208, SCATC 88/13 and RRIM 605 compared to the check clone. Percentage of plants showing severe tapping panel dryness (80-100;occurrence) was high in SCATC 88/13 (19) followed by RRII 203 (15) and RRIM 612 (13) and minimum in RRII 208 and RRIM 605 (2). In general, wind damage was high among the clones with RRIM 605 recording the highest incidence followed by RRII 300, RRII 208, GT 1 and SCATC 93/114. The clones RRII 208, SCATC 88/13 and RRIM 605 were found to be the promising clones for this region. |
| 650 ## - SUBJECT ADDED ENTRY--TOPICAL TERM | |
| Topical Term | Agro-climatic factors |
| 650 ## - SUBJECT ADDED ENTRY--TOPICAL TERM | |
| Topical Term | Clone evaluation |
| 650 ## - SUBJECT ADDED ENTRY--TOPICAL TERM | |
| Topical Term | Seasonal effect |
| 700 ## - ADDED ENTRY--PERSONAL NAME | |
| Personal name | Chaudhuri D |
| 700 ## - ADDED ENTRY--PERSONAL NAME | |
| Personal name | Varghese Y A |
| 942 ## - ADDED ENTRY ELEMENTS (KOHA) | |
| Koha item type | Journals |
| Withdrawn status | Lost status | Damaged status | Not for loan | Home library | Current library | Shelving location | Date acquired | Serial Enumeration / chronology | Koha item type |
|---|---|---|---|---|---|---|---|---|---|
| Journals | RRII Library | RRII Library | Botany | 01/01/2021 | Volume 38, Issue 2 | Journals |